| 000 | 00780nam a22002297a 4500 | ||
|---|---|---|---|
| 999 |
_c10854 _d10854 |
||
| 003 | AR-CdUCM | ||
| 008 | 190402b ||||| |||| 00| 0 spa d | ||
| 040 |
_aMUNICIPALIDAD PROVINCIAL DEL CUSCO _cBIBLIOTECA MUNICIPAL DEL CUSCO |
||
| 082 |
_a868.36 / _bQ5S / 1940 |
||
| 100 |
_aQuevedo y Villegas, Francisco de _927909 |
||
| 245 | _aLos Sueños / | ||
| 260 |
_aSantiago : _bErcilla, _c1940. |
||
| 300 |
_a167 páginas ; _c18 cm. |
||
| 500 | _aLibro dañado. | ||
| 505 | _aContenido: El sueño de las calaveras -- El alguacil alguacilado -- Las zahurdas de Plutón -- El mundo por de dentro ... | ||
| 650 |
_aPoesia Española _9158 |
||
| 650 |
_aLiteratura Poética _927910 |
||
| 650 |
_aSiglo XVI _9326 |
||
| 650 |
_aSiglo XVII _92242 |
||
| 942 |
_2ddc _cLIBROS |
||
| 945 | _acmm | ||